000 00293nam a22001337a 4500
008 181015b xxu||||| |||| 00| 0 eng d
020 _a9780030551338
041 _aeng
080 _a159.9
100 _a50
101 _aPSI
245 _aSocial Psychology
_cLord. CH .G
942 _2udc
_cBK
999 _c49801
_d49801